01311 2200229 4500001002100000005001500021035002000036007000300056008004100059020002100100082001000121084001600131100001200147245002800159250001100187260004500198300003900243650001000282650001800292520075400310990001701064INLIS00000000000225420260422103652 a0010-0426000011ta260422 g f ind  a78-602-216-002-1 a82-31 a82-31 ORI m0 aOrizuka1 aMe & My Prince Charming aCet. 2 aJawa Barat :bRedaksi Puspa Swara,c2014 aiv, 188 hlm :bilus. ;c13 x 19 cm 4aNOVEL 4aFIKSI ROMANSA aMe & My Prince Charming adalah sebuah novel fiksi remaja (teenlit) yang menyoroti dinamika percintaan masa SMA yang manis sekaligus penuh lika-liku. Melalui novel ini, Orizuka mengangkat premis klasik tentang gadis biasa yang berpacaran dengan idola sekolah, namun membongkar realitas dan konsekuensi pahit di balik kehidupan yang tampak seperti dongeng tersebut. Orizuka mengemas novel ini dengan gaya bahasa teenlit yang khas: ringan, kasual, dan sangat relatable dengan keseharian remaja. Dialog antar karakternya mengalir natural dengan sentuhan humor dan drama porsi pas. Di balik kisah cinta remajanya, penulis menyisipkan pesan-pesan moral yang cukup menohok mengenai pentingnya memiliki harga diri dan tanggung jawab dalam sebuah hubungan. a4040/BBPP/26